German policy studies/Politikfeldanalyse

Detalles Bibliográficos
Autor Corporativo: Southern Public Administration Education Foundation (U.S.)
Formato: Desconocido
Lenguaje:inglés
Publicado: Harrisburg, PA : Southern Public Administration Education Foundation,
Materias:
Acceso en línea:Acceso restringido

MARC

LEADER 00000ny a22000003n 4500
003 EbpS
005 20110511150047.0
006 m d ||||||
007 cr anunnnuuuaa
008 990303c19999999pau p s 0 eng d
022 0 |a 1523-9764 
035 |a 3094 
040 |d vLex 
090 |c 1710  |d 1710 
245 0 0 |a German policy studies/Politikfeldanalyse  |h [Recurso electrn̤ico] 
256 |a Servicio en ln̕ea 
260 |a Harrisburg, PA :  |b Southern Public Administration Education Foundation, 
310 |a Trimestral 
506 1 |a Contenido solo disponible en los productos indicados  |d vLex Global  |d vLex Global (Academic Edition, excluding Law Schools)  |d vLex Global (Academic Edition, Law Schools) 
650 0 4 |a Ciencia polt̕ica  |x Alemania  |x Publicaciones perid̤icas 
650 0 4 |a Political science 
650 0 4 |a Regional focus/area studies 
710 2 |a Southern Public Administration Education Foundation (U.S.) 
740 0 |a vLex Revista (Servicios en ln̕ea) 
843 |a Electrn̤ica. Cerrada. 
853 |8 1  |i (year)  |j (month)  |k (day) 
856 |u http://vlex.com/source/3094  |z Acceso restringido 
942 |c REV